Normal view
MARC view
- Joshi Ketaki
Entry Personal Name
001 - CONTROL NUMBER
- control field: 182278
003 - CONTROL NUMBER IDENTIFIER
- control field: OSt
005 - DATE AND TIME OF LATEST TRANSACTION
- control field: 20230605084931.0
008 - FIXED-LENGTH DATA ELEMENTS
- fixed length control field: 230605|| aca||aabn | a|a d
040 ## - CATALOGING SOURCE
- Original cataloging agency: OSt
- Transcribing agency: OSt
100 ## - HEADING--PERSONAL NAME
- Personal name: Joshi Ketaki
670 ## - SOURCE DATA FOUND
- Source citation: Work cat.: (OSt)160340: Joshi Ketaki, Evaluating Thermal Performance Of Courtyards In School Buildings For Different Climatic Conditions., 2012